Alapozó laboratóriumi gyakorlatok
Elmentve itt :
| Szerzők: | |
|---|---|
| Dokumentumtípus: | Könyv |
| Megjelent: |
2007
|
| Kulcsszavak: | fizika mérések laboratóriumi technika |
| Tárgyszavak: | |
| Online Access: | http://eta.bibl.u-szeged.hu/1708 |
| LEADER | 00720nnm a2200217 i 4500 | ||
|---|---|---|---|
| 001 | eta1708 | ||
| 005 | 20190410093026.0 | ||
| 008 | 190201s2007 hu o 0|| hun d | ||
| 040 | |a SZTE Elektronikus Tananyag Archívum |b hun | ||
| 041 | |a hun | ||
| 100 | 1 | |a Farkas Zsuzsanna | |
| 245 | 1 | 0 | |a Alapozó laboratóriumi gyakorlatok |h [elektronikus dokumentum] / |c Farkas Zsuzsanna |
| 260 | |c 2007 | ||
| 516 | |a Book | ||
| 650 | 4 | |a Természettudományok | |
| 650 | 4 | |a Fizikai tudományok | |
| 695 | |a fizika | ||
| 695 | |a mérések | ||
| 695 | |a laboratóriumi technika | ||
| 700 | 0 | 1 | |a Horváth Zoltán |e aut |
| 856 | 4 | 0 | |u https://eta.bibl.u-szeged.hu/1708/2/lab_gyak/titan.physx.u-szeged.hu/_bubo/AlapozoLabgyak/book.html |z Dokumentum-elérés |